Devenir de una perspectiva relacional de género (y cultura) /
Tallennettuna:
| Päätekijä: | |
|---|---|
| Muut tekijät: | |
| Aineistotyyppi: | Teksti |
| Tagit: |
Lisää tagi
Ei tageja, Lisää ensimmäinen tagi!
|
MARC
| LEADER | 00000 a a2200000 04500 | ||
|---|---|---|---|
| 001 | 10205 | ||
| 003 | |||
| 040 | |||
| 100 | |a García Suárez, Carlos Iván | ||
| 245 | |a Devenir de una perspectiva relacional de género (y cultura) / |c Carlos Iván García Suárez | ||
| 700 | |a Muñoz Onofre, Darío Reynaldo | ||
| 773 | |g número 30; páginas 132-147 | ||
| 999 | |c 36347 |d 36347 | ||
